| 000 | 02488nam a2200289Ia 4500 | ||
|---|---|---|---|
| 999 |
_c53370 _d53370 |
||
| 001 | 20413 | ||
| 003 | GE_BSU | ||
| 005 | 20220301122407.0 | ||
| 008 | 181216s2016||||ge |||||||||||||| ||geo|| | ||
| 020 | _a9789941459023 | ||
| 040 | _cGE_BSU | ||
| 041 | _ageo | ||
| 080 | _a37.02+371.3 ს-98 | ||
| 245 |
_aსწავლების მეთოდები, სტრატეგიები, პედაგოგიური ტექნოლოგიები და ცოდნის შემოწმება-შეფასების საკითხები : _bსახელმძღვანელო / _c იმერი ბასილაძე, ნინო ჭოხონელიძე, ნინო კოსტავა, ნატო ქობულაძე; რედაქტორი: თამარ მამარდაშვილი; აკაკი წერეთლის სახელმწიფო უნივერსიტეტი, პედაგოგიური ფაკულტეტი, პედაგოგიკის დეპარტამენტი. |
||
| 264 |
_aქუთაისი : _c2016. _bაკაკი წერეთლის სახელმწ. უნ-ტის გამ-ბა, |
||
| 300 |
_a490 გვ. ; _b29 სმ. |
||
| 500 | _aთავფურ. მე-3 გვერდი და რეზიუმე ინგლ. ენაზე. წიგნი დაიბეჭდა და გამოიცა აკაკი წერეთლის სახელმწ. უნ-ტის ფინანსური მხარდაჭერით. | ||
| 504 | _aბიბლიოგრ.: გვ. 476-479. | ||
| 520 | _aთავფურ. მე-3 გვერდი და რეზიუმე ინგლ. ენაზე.წიგნი დაიბეჭდა და გამოიცა აკაკი წერეთლის სახელმწ. უნ-ტის ფინანსური მხარდაჭერით. | ||
| 653 | _aპედაგოგიკა | ||
| 653 | _aსწავლების მეთოდები | ||
| 700 |
_4ბასილაძე, იმერი _eავტორი _98934 |
||
| 700 |
_aკოსტავა, ნინო _98935 |
||
| 700 |
_aჭოხონელიძე, ნინო _eავტორი _94922 |
||
| 700 |
_aქობულაძე, ნატო _eავტორი _92757 |
||
| 942 |
_cBK _2udc |
||